Η τυφλόμυγα

Αποθηκεύτηκε σε:
Λεπτομέρειες βιβλιογραφικής εγγραφής
Κύριος συγγραφέας: Hustvedt, Siri
Άλλοι συγγραφείς: Σπερελάκη, Κάτια (trlf), Σχινά, Κατερίνα (edtf)
Μορφή: Βιβλίο
Γλώσσα:Greek
English
Δημοσίευση: Αθήνα : Scripta, 1993.
Θέματα:
Ετικέτες: Προσθήκη ετικέτας
Δεν υπάρχουν, Καταχωρήστε ετικέτα πρώτοι!

MARC

LEADER 00000cam a2200000 i 4500
001 1/50525
008 140702s1993 gr | ||| |||| ||gre||
020 |a 9607909003 
035 |l 10118176 
040 |a GR-MyUA  |b gre  |e AACR2 
041 1 |a gre  |h eng 
082 0 |a 813  |2 (23) 
100 1 |a Hustvedt, Siri. 
245 1 2 |a Η τυφλόμυγα /   |c Σίρι Χούστβεντ ; μετάφραση Κάτια Σπερελάκη ; επιμέλεια Κατερίνα Σχινά.  
260 |a Αθήνα :   |b Scripta,   |c 1993.  
300 |a 214 σ. ;   |c 21 εκ.  
500 |a Τίτλος πρωτοτύπου: The blindfold.  
650 0 0 |a American fiction  |y 20th century. 
700 1 |a Σπερελάκη, Κάτια,  |e trlf 
700 1 |a Σχινά, Κατερίνα,  |e edtf 
852 |a INST  |b LEMNOS  |e 20140702  |h 813 HUS  |p 005600001181  |q 005600001181  |t BK  |y 0 
901 |a BIBL6-2014-2 
909 |a Μ  |b 161406 
922 |a 6ΕΛΗ 
970 |a ΜΟΣΧΟΒΗ  |b ΕΥΑΓΓΕΛΙΑ  |z 2014/07/02